000 00461nam a2200193Ia 4500
005 20240823012559.0
008 240823s9999||||xx |||||||||||||| ||und||
020 _a81-85386-19-6
041 _aENGLISH
082 _A658.8 P1
100 _a"Hill,Richard M [et al]"
245 0 _aIndustrial Marketing
250 _a4th
260 _c2001
_b"AITBS,New Delhi"
500 _aYES
650 _aMarketing
_bManagement Studies
942 _cBK
999 _c164808
_d164808